00901nam a2200265Ia 4500003000400000005001700004006001800021007000300039008004100042024001100083037001100094040001800105041001300123100002100136110007800157245016700235260000900402300001900411650001400430700002600444700002900470700003100499700002700530700007800557OSt20220930090300.0a|||||r|||| 00| 0ta220926b |||||||| |||| 00| 0 eng d a109166 cTheses aCRLcCRLbeng 2engaeng aSrivastava Ruchi aUniversity of Delhi. Faculty of Medical Sciences. Department of Pathology 0aComparative evaluation of the nuclear matrix protein - 22, cytokeratin - 20 immunostaining and voided urine cytology in the detection of urinary bladder carcinoma c2010 a104p.ap.ccm. aPATHOLOGY a Dr. Arati Bhatia Gu. a Dr. Usha Rani Singh Gu. a Dr. Vinod Kumar Arora Gu. a Dr. Vivek Agrawal Gu. aUniversity of Delhi. Faculty of Medical Sciences. Department of Pathology